Adversaires des clubs français en coupe d'europe 24/25 - Statistiques

Statistiques générales
  • Ce quiz a été pris 61 fois
  • Le résultat moyen est 28 sur 48
Statistiques - réponses
Club français Ordre Club adversaire % Correct
AS Monaco 1ère journée FC Barcelone
98%
5ème journée FC Barcelone
98%
2ème journée Real Madrid
98%
8ème journée Real Madrid
98%
2ème journée Arsenal FC
96%
6ème journée Arsenal FC
96%
5ème journée Bayern Munich
92%
7ème journée Manchester City
90%
2ème journée RB Salzburg
90%
4ème journée Atlético Madrid
88%
3ème journée Atlético Madrid
88%
Paris 1ère journée Girona FC
85%
3ème journée PSV Eindhoven
81%
6ème journée PSV Eindhoven
81%
LOSC Lille 1ère journée Sporting Club de Portugal
79%
4ème journée Juventus FC
73%
6ème journée Sturm Graz
73%
Stade Brestois 29 1ère journée Sturm Graz
73%
3ème journée Bayer Leverkusen
69%
8ème journée Inter Milan
65%
7ème journée Liverpool FC
63%
8ème journée VLF Stuttgart
63%
2ème journée Dinamo Zagreb
60%
5ème journée SL Benfica
60%
7ème journée Aston Villa
58%
2ème journée Lazio Rome
54%
Olympique Lyonnais 1ère journée Olympiakos
52%
2ème journée Glasgow Rangers
48%
5ème journée Glasgow Rangers
48%
OGC Nice 1ère journée Real Sociedad
48%
3ème journée Besiktas
46%
5ème journée Bologne
46%
4ème journée Bologne
46%
4ème journée Sparta Prague
46%
8ème journée Feyenoord Rotterdam
44%
3ème journée Étoile Rouge de Belgrade
38%
6ème journée RB Salzburg
37%
7ème journée Fenerbahçe SK
35%
6ème journée Eintracht Francfort
33%
7ème journée Shakhtar Donetsk
27%
8ème journée Ludogorets
23%
4ème journée Hoffenheim
21%
5ème journée FK Qarabag
19%
6ème journée Union Saint-Gilloise
19%
4ème journée Twente
15%
8ème journée FK Bodø/Glimt
13%
3ème journée Ferencvaros TC
12%
7ème journée Elfsborg
10%
Aucun quiz correspondant
Distribution des résultats
% des personnes avec chaque résultat
Percentile par nombre de réponses
Votre historique - résultats
Vous n’avez pas pris ce quiz